| 000 | 00701nas a2200229 4500 | ||
|---|---|---|---|
| 001 | BR9702794 | ||
| 003 | BR-BrBNA | ||
| 005 | 20231205100228.0 | ||
| 007 | ta | ||
| 008 | 230509b bl.|||p| |||| 00| 00por d | ||
| 040 |
_aBR-BrBNA _bpor _cBiblioteca Nacional de Agricultura |
||
| 041 | _a(Pt) | ||
| 072 | _aL70 | ||
| 100 | 1 | _aSams, R.A. | |
| 245 | 1 | _aFlorfenicol: propriedades quimicas e metabolismo de um novo antibiotico de largo espectro | |
| 650 | _aFlorfenicol | ||
| 650 | _aComposicao Quimica | ||
| 650 | _aBactericida | ||
| 773 | 0 |
_tHora Veterinaria (Brazil) _xISSN 0101-9163 _g(Apr 1997), v. 16(2) p. 19-22 _wBR9702794 |
|
| 909 |
_a202311 _bLúcia _c55 _dLúcia Elande |
||
| 942 |
_2AGRIS _n0 _cANA |
||
| 999 |
_c154854 _d154854 |
||